| 000 | 00472nmm a2200157Ia 4500 | ||
|---|---|---|---|
| 008 | 251105s9999||||xx |||||||||||||||||und|| | ||
| 020 | _a9791021314085 | ||
| 041 | _aspa | ||
| 100 | _aHurtado de Mendoza, Diego | ||
| 245 | 0 | _aObras de Diego Hurtado de Mendoza | |
| 264 |
_a[París, Francia] : _bEdiciones la Biblioteca Digital, _c2012 |
||
| 300 | _a80 páginas | ||
| 650 | _aSpanish literature | ||
| 856 | _uhttps://public.digitaliapublishing.com/a/26315 | ||
| 942 | _cCF | ||
| 999 |
_c98057 _d98057 |
||